| 000 | 00659nam a2200229Ia 4500 | ||
|---|---|---|---|
| 003 | OSt | ||
| 005 | 20260102144946.0 | ||
| 008 | 210210b1906 xxu||||| |||| 00| 0 eng d | ||
| 040 | _cAL | ||
| 041 | _aKannada | ||
| 082 | _a859/1995 | ||
| 100 |
_aSHRIKANTA SHARMA _dಶ್ರೀಕಾಂತ ಶರ್ಮಾ _9249977 |
||
| 245 |
_aMalati madhava prakarana katha _bಮಾಲತಿ ಮಾಧವ ಪ್ರಕರಣ ಕಥಾ |
||
| 260 |
_aMaisUru _b- _c1906 |
||
| 650 |
_aprakaraNa _9249978 |
||
| 650 |
_aMalati _9249979 |
||
| 650 |
_amAdhava _9249980 |
||
| 650 |
_akatha _9249981 |
||
| 690 |
_aKannada Fiction _9249982 |
||
| 906 | _a022716 | ||
| 942 |
_2ddc _cBK |
||
| 999 |
_c147302 _d147302 |
||